Top Simpsons Charaktere - Anzahl gesprochene Wörter - Statistiken

Allgemein
  • Dieses Quiz wurde 6.744 mal gespielt
    6.318 seit der letzten Aktualisierung
  • Das Durchschnittsergebnis liegt bei 10 aus 20
Antwortstatistiken
Anzahl gesprochene Wörter Simpsons Charakter % Korrekt
≈ 270k Homer Simpson
99%
≈ 110k Bart Simpson
98%
≈ 100k Lisa Simpson
94%
≈ 130k Marge Simpson
92%
≈ 40k Charles Montgomery Burns
64%
≈ 24k Ned Flanders
63%
≈ 35k Moe Szyslak
62%
≈ 15k Milhouse van Houten
58%
≈ 28k Seymour Skinner
49%
≈ 20k Abraham J. Simpson (Grampa)
46%
≈ 22k Krusty the Clown
42%
≈ 9k Waylon Smithers
40%
≈ 8k Nelson Muntz
39%
≈ 6k Carl Carlson
37%
≈ 10k Lenny Leonard
37%
≈ 12k Apu Nahasapeemapetilon
36%
≈ 20k Chief Clancy Wiggum
30%
≈ 6k Edna Krabappel
24%
≈ 7k Dr. Julius M. Hibbert
9%
≈ 17k Kent Brockman
9%
Keine übereinstimmenden Quizze gefunden
Verteilung der Resultate
Anzahl Personen mit jedem Resultat
Perzentil nach korrekt beantworteten Fragen
Ihre Resultats-Entwicklung
Sie haben dieses Quiz seit der letzten Aktualisierung nicht gespielt